History Quiz

Random History Quiz

Missing Word: U.S. Supreme Court Cases Quiz Stats

 Plays Quiz not verified by Sporcle

Support Sporcle.
Go Orange.
Score 0/12 Timer 03:00
0 Plays Today
Hint Word % Correct
Marbury v. _______ (1803)Madison
96.2%
____ v. Gore (2000)Bush
93.8%
Miranda vs. _______ (1966)Arizona
88.5%
McCulloch vs. ________ (1819)Maryland
85.4%
Regents of the University of _________ v. Bakke (1978)California
68.4%
United States v. _____ (1974)Nixon
62.5%
Dred _____ v. Sanford (1857)Scott
55.9%
Furman v. _______ (1972)Georgia
48.6%
_____ v. Johnson (1989)Texas
47.9%
Brandenburg v. ____ (1969)Ohio
38.9%
Planned Parenthood of Southeastern ____________ v. Casey (1992)Pennsylvania
31.6%
_______ v. Jones (1997)Clinton
25.7%

You're not logged in!

Compare scores with friends on all Sporcle quizzes.
OR
Log In

From the Vault

NFL Single Season Passing TDs

by Ben

In 1959 when Johnny Unitas threw 32 touchdowns, that was considered a pretty big deal, nowadays even Carson Palmer can do it.
Remove Ads.
Support Sporcle.
Get the best of Sporcle when you Go Orange. This ad-free experience offers more features, more stats, and more fun while also helping to support Sporcle. Thank you for becoming a member.

Show Comments

Extras

Created Mar 4, 2011ReportNominate
Tags:case, court, supreme, Supreme Court

Top Quizzes Today


Score Distribution

Your Account Isn't Verified!

In order to create a playlist on Sporcle, you need to verify the email address you used during registration. Go to your Sporcle Settings to finish the process.

Report this User

Report this user for behavior that violates our Community Guidelines.

Details: